• 首页
  • 本馆介绍
  • 公告通知
  • 最新文献
  • 馆藏检索
  • 电子资源
  • 读者导购
  • 参考咨询
  • 我的图书馆
  • 登录
  • 详细信息显示
  • 放入我的书架
  • 预约/预借图书
  • 作者相关作品
  • 分类相关作品
  • 丛书相关作品
  • 出版社相关作品

书目信息

  • 表格格式
  • 工作单格式
  • 卡片格式
题名:
电脑病毒及防杀
    
 
作者: 曲实 编
分册:  
出版信息: 北京   学苑出版社  2008.01
页数: 250页
开本: 20cm
丛书名:
单 册:
中图分类: TP309.5
科图分类:
主题词: 计算机病毒--防治
电子资源:
ISBN: 978-7-5077-2228-4
000 00558nam0 2200193 450
001 0832918027
005 20081219102908.80
010    @a978-7-5077-2228-4@dCNY25.00
100    @a20081219d2008 km y0chiy0120 ea
101 0  @achi
102    @aCN@b110000
200 1  @a电脑病毒及防杀@Adian nao bing du ji fang sha@f曲实编@Fqu shi bian
210    @a北京@c学苑出版社@d2008.01
215    @a250页@d20cm
606 0  @a计算机病毒@x防治
690    @aTP309.5@v4
701  0 @a曲实@Aqu shi@4编
801  0 @aCN@b山东省滨州职业学院图书馆@c20081219
905    @aBZT@dTP309.5@e1@f5
    
    电脑病毒及防杀/曲实编.-北京:学苑出版社,2008.01
    250页;20cm
    
    
    ISBN 978-7-5077-2228-4:CNY25.00
    
●
相关链接 在五车中查询图书 在当当中查询图书 在豆瓣中查询图书


正题名:电脑病毒及防杀     索取号:TP309.5/1         预约/预借

序号 登录号 条形码 馆藏地/架位号 状态 备注
1 0692312   2000692312   样本书库/样004架A面3层1列/ [索取号:TP309.5/1] 在馆    
2 0692313   2000692313   中心书库中库/ 中库028架B面8列5层73/ [索取号:TP309.5/1] 在馆    
3 0692314   2000692314   中心书库中库/ 中库028架B面8列5层70/ [索取号:TP309.5/1] 在馆    
4 0692315   2000692315   中心书库中库/ 中库028架B面8列5层71/ [索取号:TP309.5/1] 在馆    
5 0692316   2000692316   中心书库中库/ 中库028架B面8列5层72/ [索取号:TP309.5/1] 在馆    
山东省滨州职业学院图书馆 欢迎您!
大连网信软件有限公司© 版权所有